000 00701nam a2200241Ia 4500
001 Para_9226
003 CHAP
008 220125s2005 xx 000 0 und d
010 _a207965
040 _cCHAP
090 _aCD 18
111 _aSimposio nacional de parasitología agrícola: Ing. Amado Toledano Alonso (31:2005:Guadalajara, Jal.)
_9174410
245 _aMemoria /
_c por Ingenieros Agronómos Parasitologos
260 _aGuadalajara, Jal. :
_b IAP
650 _aParasitología
_x congresos
_985470
901 _aCD 18
902 _aM
905 _a0000002005 0000000000 00
910 _a2005
942 _cPARA
942 _cPARA
_d5
999 _c207965
_d207965